|
|
|
|
| LEADER |
00000caa a22000002c 4500 |
| 001 |
1912515458 |
| 003 |
DE-627 |
| 005 |
20250113054939.0 |
| 007 |
cr uuu---uuuuu |
| 008 |
241217s2021 xx |||||o 00| ||eng c |
| 035 |
|
|
|a (DE-627)1912515458
|
| 035 |
|
|
|a (DE-599)KXP1912515458
|
| 040 |
|
|
|a DE-627
|b ger
|c DE-627
|e rda
|
| 041 |
|
|
|a eng
|
| 084 |
|
|
|a 2,1
|2 ssgn
|
| 100 |
1 |
|
|a Didwania, Stephanie
|e VerfasserIn
|4 aut
|
| 245 |
1 |
0 |
|a Discretion and disparity in federal detention
|
| 264 |
|
1 |
|c 2021
|
| 336 |
|
|
|a Text
|b txt
|2 rdacontent
|
| 337 |
|
|
|a Computermedien
|b c
|2 rdamedia
|
| 338 |
|
|
|a Online-Ressource
|b cr
|2 rdacarrier
|
| 773 |
0 |
8 |
|i Enthalten in
|a Northwestern University
|t Northwestern University law review
|d Chicago, Ill. : School, 1953
|g 115(2021), 5, Seite 1261-1336
|h Online-Ressource
|w (DE-627)474381811
|w (DE-600)2169705-X
|w (DE-576)273875264
|x 0029-3571
|7 nnas
|
| 773 |
1 |
8 |
|g volume:115
|g year:2021
|g number:5
|g pages:1261-1336
|
| 856 |
4 |
0 |
|u https://scholarlycommons.law.northwestern.edu/cgi/viewcontent.cgi?article=1452&context=nulr
|q application/pdf
|x Verlag
|z lizenzpflichtig
|3 Volltext
|7 1
|
| 935 |
|
|
|a mkri
|
| 951 |
|
|
|a AR
|
| ELC |
|
|
|a 1
|
| LOK |
|
|
|0 000 xxxxxcx a22 zn 4500
|
| LOK |
|
|
|0 001 4637480957
|
| LOK |
|
|
|0 003 DE-627
|
| LOK |
|
|
|0 004 1912515458
|
| LOK |
|
|
|0 005 20241217044330
|
| LOK |
|
|
|0 008 241217||||||||||||||||ger|||||||
|
| LOK |
|
|
|0 035
|a (DE-2619)ICPSR155394
|
| LOK |
|
|
|0 040
|a DE-2619
|c DE-627
|d DE-2619
|
| LOK |
|
|
|0 092
|o n
|
| LOK |
|
|
|0 852
|a DE-2619
|
| LOK |
|
|
|0 852 1
|9 00
|
| LOK |
|
|
|0 935
|a nacp
|
| LOK |
|
|
|0 939
|a 17-12-24
|b l01
|
| ORI |
|
|
|a SA-MARC-krimdoka001.raw
|